| Tag |
First Indicator |
Second Indicator |
Subfields |
| LEADER |
00000cam a2200000 a 4500 |
| 001 |
in00001402862 |
| 005 |
20151020053050.0 |
| 008 |
971127s1997 enk 000 0 eng d |
| 010 |
|
|
|a gb 97076176
|
| 015 |
|
|
|a GB97-76176
|
| 020 |
|
|
|a 926415664X (pbk)
|
| 035 |
|
|
|a (OCoLC)38040492
|
| 035 |
|
|
|9 AHM6895AM
|
| 040 |
|
|
|a UKM
|c UKM
|d TXA
|d UtOrBLW
|
| 049 |
|
|
|a TXAM
|
| 082 |
0 |
4 |
|a 388.409177
|2 21
|
| 090 |
|
|
|a TD195.T7
|b I58 1997
|
| 245 |
0 |
0 |
|a Integrated strategies for safety and environment.
|
| 264 |
|
1 |
|a Paris :
|b OECD,
|c [1997]
|
| 264 |
|
4 |
|c ©1997
|
| 300 |
|
|
|a 96 pages ;
|c 27 cm.
|
| 336 |
|
|
|a text
|b txt
|2 rdacontent
|
| 337 |
|
|
|a unmediated
|b n
|2 rdamedia
|
| 338 |
|
|
|a volume
|b nc
|2 rdacarrier
|
| 500 |
|
|
|a Also published in French edition as: Stratégies intégrées de sécurité et d'environnement.
|
| 504 |
|
|
|a Includes bibliographical references.
|
| 500 |
|
|
|a At head of title: Road Transport Research.
|
| 650 |
|
0 |
|a Urban transportation policy
|x Environmental aspects
|z OECD countries.
|
| 650 |
|
0 |
|a Urban transportation policy
|z OECD countries
|x Safety measures.
|
| 710 |
2 |
|
|a Organisation for Economic Co-operation and Development.
|b Road Transport Research Programme.
|
| 999 |
|
|
|a MARS
|
| 999 |
f |
f |
|s 6cc9d5e3-36b4-335d-b132-a3fcb83cf15f
|i 4f570c3c-a89e-34c9-b8be-f042f0cd6c3a
|t 0
|
| 952 |
f |
f |
|p ric
|a Texas A&M University
|b Rellis Campus
|c Joint Library Facility
|d Remote Storage
|t 0
|e TD195.T7 I58 1997
|h Library of Congress classification
|i unmediated -- volume
|m A14821548913
|
| 998 |
f |
f |
|a TD195.T7 I58 1997
|t 0
|l Remote Storage
|